|
|
|
|
| LEADER |
01945nam a2200433 a 4500 |
| 001 |
EBC692445 |
| 003 |
MiAaPQ |
| 005 |
20200520144314.0 |
| 006 |
m o d | |
| 007 |
cr cn||||||||| |
| 008 |
101011t20112008cauab sb 001 0 eng d |
| 010 |
|
|
|z 2010043063
|
| 020 |
|
|
|z 9780804774116 (pbk. : alk. paper)
|
| 020 |
|
|
|a 9780804777773 (electronic bk.)
|
| 035 |
|
|
|a (MiAaPQ)EBC692445
|
| 035 |
|
|
|a (Au-PeEL)EBL692445
|
| 035 |
|
|
|a (CaPaEBR)ebr10470180
|
| 035 |
|
|
|a (OCoLC)726734850
|
| 040 |
|
|
|a MiAaPQ
|c MiAaPQ
|d MiAaPQ
|
| 043 |
|
|
|a a-af---
|a e-uk---
|a a------
|
| 050 |
|
4 |
|a HF3770.6
|b .H36 2011
|
| 082 |
0 |
4 |
|a 382.09581/054
|2 22
|
| 100 |
1 |
|
|a Hanifi, Shah Mahmoud.
|
| 245 |
1 |
0 |
|a Connecting histories in Afghanistan
|h [electronic resource] :
|b market relations and state formation on a colonial frontier /
|c Shah Mahmoud Hanifi.
|
| 260 |
|
|
|a Stanford, Calif. :
|b Stanford University Press,
|c 2011, c2008.
|
| 300 |
|
|
|a xviii, 270 p. :
|b ill., maps.
|
| 500 |
|
|
|a Originally published online in 2008 by Columbia University Press.
|
| 504 |
|
|
|a Includes bibliographical references and index.
|
| 505 |
0 |
|
|a pt. 1. Colonial market knowledge and commercial experimentation -- pt. 2. The new outdated colonial political economy.
|
| 533 |
|
|
|a Electronic reproduction. Ann Arbor, MI : ProQuest, 2015. Available via World Wide Web. Access may be limited to ProQuest affiliated libraries.
|
| 651 |
|
0 |
|a Afghanistan
|x Commerce
|x History
|y 19th century.
|
| 651 |
|
0 |
|a Afghanistan
|x Politics and government
|y 19th century.
|
| 651 |
|
0 |
|a Afghanistan
|x Commerce
|z India
|x History
|y 19th century.
|
| 651 |
|
0 |
|a India
|x Commerce
|z Afghanistan
|x History
|y 19th century.
|
| 651 |
|
0 |
|a Great Britain
|x Colonies
|z Asia
|x Commerce.
|
| 651 |
|
0 |
|a Great Britain
|x Colonies
|z Asia
|x Economic policy.
|
| 655 |
|
4 |
|a Electronic books.
|
| 710 |
2 |
|
|a ProQuest (Firm)
|
| 856 |
4 |
0 |
|u https://ebookcentral.proquest.com/lib/matrademy/detail.action?docID=692445
|z Click to View
|